Cisco Networking Academy Program : (Record no. 30627)
[ view plain ]
| 000 -LEADER | |
|---|---|
| fixed length control field | 01037cam a22002774a 4500 |
| 001 - CONTROL NUMBER | |
| control field | 12301626 |
| 003 - CONTROL NUMBER IDENTIFIER | |
| control field | OSt |
| 005 - DATE AND TIME OF LATEST TRANSACTION | |
| control field | 20220216151318.0 |
| 008 - FIXED-LENGTH DATA ELEMENTS--GENERAL INFORMATION | |
| fixed length control field | 010206s2001 inua 001 0 eng |
| 010 ## - LIBRARY OF CONGRESS CONTROL NUMBER | |
| LC control number | 2001087345 |
| 020 ## - INTERNATIONAL STANDARD BOOK NUMBER | |
| International Standard Book Number | 1587130254 |
| 040 ## - CATALOGING SOURCE | |
| Original cataloging agency | DLC |
| Transcribing agency | HU |
| Modifying agency | DLC |
| 042 ## - AUTHENTICATION CODE | |
| Authentication code | pcc |
| 050 00 - LIBRARY OF CONGRESS CALL NUMBER | |
| Classification number | TK5105.5 |
| Item number | .C4978 2001 |
| 082 00 - DEWEY DECIMAL CLASSIFICATION NUMBER | |
| Classification number | 004.6CIS 2001 |
| Edition number | 21 |
| 245 00 - TITLE STATEMENT | |
| Title | Cisco Networking Academy Program : |
| Remainder of title | first-year companion guide / |
| Statement of responsibility, etc. | Cisco Systems, Inc., Cisco Networking Academy Program. |
| 250 ## - EDITION STATEMENT | |
| Edition statement | 2nd ed. |
| 260 ## - PUBLICATION, DISTRIBUTION, ETC. | |
| Place of publication, distribution, etc. | Indianapolis, IN : |
| Name of publisher, distributor, etc. | Cisco Press, |
| Date of publication, distribution, etc. | c2001. |
| 300 ## - PHYSICAL DESCRIPTION | |
| Extent | xxxii, 991 p. : |
| Other physical details | ill. ; |
| Dimensions | 25 cm. + |
| Accompanying material | 1 computer optical disc (4 3/4 in.) |
| 650 #0 - SUBJECT ADDED ENTRY--TOPICAL TERM | |
| Topical term or geographic name entry element | Computer networks |
| Form subdivision | Textbooks. |
| 9 (RLIN) | 30709 |
| 710 2# - ADDED ENTRY--CORPORATE NAME | |
| Corporate name or jurisdiction name as entry element | Cisco Systems, Inc. |
| 9 (RLIN) | 30710 |
| 710 2# - ADDED ENTRY--CORPORATE NAME | |
| Corporate name or jurisdiction name as entry element | Cisco Networking Academy Program. |
| 9 (RLIN) | 30711 |
| 906 ## - LOCAL DATA ELEMENT F, LDF (RLIN) | |
| a | 7 |
| b | cbc |
| c | orignew |
| d | 2 |
| e | epcn |
| f | 20 |
| g | y-gencatlg |
| 942 ## - ADDED ENTRY ELEMENTS (KOHA) | |
| Source of classification or shelving scheme | Dewey Decimal Classification |
| Koha item type | Books like text book referance book |
| Suppress in OPAC | No |
| Withdrawn status | Lost status | Source of classification or shelving scheme | Damaged status | Not for loan | Collection code | Home library | Current library | Shelving location | Date acquired | Total Checkouts | Full call number | Barcode | Date last seen | Copy number | Price effective from | Koha item type |
|---|---|---|---|---|---|---|---|---|---|---|---|---|---|---|---|---|
| Dewey Decimal Classification | Reference | Wondo Genet Library | Wondo Genet Library | General Stacks | 02/16/2022 | 004.6CIS 2001 | WGCFNRL00011441 | 02/16/2022 | 1 | 02/16/2022 | Books like text book referance book | |||||
| Dewey Decimal Classification | Reference | Wondo Genet Library | Wondo Genet Library | General Stacks | 02/16/2022 | 004.6CIS 2001 | WGCFNRL00011442 | 02/16/2022 | 2 | 02/16/2022 | Books like text book referance book | |||||
| Dewey Decimal Classification | Reference | Wondo Genet Library | Wondo Genet Library | General Stacks | 02/16/2022 | 004.6CIS 2001 | WGCFNRL00011443 | 02/16/2022 | 3 | 02/16/2022 | Books like text book referance book | |||||
| Dewey Decimal Classification | Reference | Wondo Genet Library | Wondo Genet Library | General Stacks | 02/16/2022 | 004.6CIS 2001 | WGCFNRL00011444 | 02/16/2022 | 4 | 02/16/2022 | Books like text book referance book | |||||
| Dewey Decimal Classification | Reference | Wondo Genet Library | Wondo Genet Library | General Stacks | 02/16/2022 | 004.6CIS 2001 | WGCFNRL00011445 | 02/16/2022 | 5 | 02/16/2022 | Books like text book referance book | |||||
| Dewey Decimal Classification | Reference | Wondo Genet Library | Wondo Genet Library | General Stacks | 02/16/2022 | 004.6CIS 2001 | WGCFNRL00011446 | 02/16/2022 | 6 | 02/16/2022 | Books like text book referance book | |||||
| Dewey Decimal Classification | Reference | Wondo Genet Library | Wondo Genet Library | General Stacks | 02/16/2022 | 004.6CIS 2001 | WGCFNRL00011447 | 02/16/2022 | 7 | 02/16/2022 | Books like text book referance book | |||||
| Dewey Decimal Classification | Reference | Wondo Genet Library | Wondo Genet Library | General Stacks | 02/16/2022 | 004.6CIS 2001 | WGCFNRL00011448 | 02/16/2022 | 8 | 02/16/2022 | Books like text book referance book | |||||
| Dewey Decimal Classification | Reference | Wondo Genet Library | Wondo Genet Library | General Stacks | 02/16/2022 | 004.6CIS 2001 | WGCFNRL00011449 | 02/16/2022 | 9 | 02/16/2022 | Books like text book referance book | |||||
| Dewey Decimal Classification | Reference | Wondo Genet Library | Wondo Genet Library | General Stacks | 02/16/2022 | 004.6CIS 2001 | WGCFNRL00011450 | 02/16/2022 | 10 | 02/16/2022 | Books like text book referance book | |||||
| Dewey Decimal Classification | Reference | Wondo Genet Library | Wondo Genet Library | General Stacks | 02/16/2022 | 004.6CIS 2001 | WGCFNRL00011451 | 02/16/2022 | 11 | 02/16/2022 | Books like text book referance book | |||||
| Dewey Decimal Classification | Reference | Wondo Genet Library | Wondo Genet Library | General Stacks | 02/16/2022 | 004.6CIS 2001 | WGCFNRL00011452 | 02/16/2022 | 12 | 02/16/2022 | Books like text book referance book | |||||
| Dewey Decimal Classification | Reference | Wondo Genet Library | Wondo Genet Library | General Stacks | 02/16/2022 | 004.6CIS 2001 | WGCFNRL00011453 | 02/16/2022 | 13 | 02/16/2022 | Books like text book referance book |